书目信息 |
| 题名: |
通信电缆线路
|
|
| 作者: | 陈昌海 主编 | |
| 分册: | ||
| 出版信息: | 北京 人民邮电出版社 2005.02 |
|
| 页数: | 258页 | |
| 开本: | 26cm | |
| 丛书名: | 21世纪高职高专通信教材 | |
| 单 册: | ||
| 中图分类: | TN913.32 | |
| 科图分类: | ||
| 主题词: | 通信电缆--电缆敷设--高等学校:技术学校--教材 | |
| 电子资源: | ||
| ISBN: | 7-115-13030-2 | |
| 000 | 00816nam 2200253 450 | |
| 001 | 0132797890 | |
| 005 | 20050831212614.95 | |
| 010 | @a7-115-13030-2@dCNY23.00 | |
| 100 | @a20050316d2005 km y0chiy0120 ea | |
| 101 | 0 | @achi |
| 102 | @aCN@b110000 | |
| 105 | @aa a 000yy | |
| 200 | 1 | @a通信电缆线路@Atong xin dian lan xian lu@f陈昌海主编@Fchen chang hai zhu bian |
| 210 | @a北京@c人民邮电出版社@d2005.02 | |
| 215 | @a258页@c图@d26cm | |
| 225 | 2 | @a21世纪高职高专通信教材 |
| 320 | @a有书目(第258页)。 | |
| 330 | @a本书介绍通信电缆工程设计、施工、维护等方面的实用技术。 | |
| 410 | 0 | @12001 @a21世纪高职高专通信教材 |
| 606 | 0 | @a通信电缆@x电缆敷设@x高等学校:技术学校@x教材 |
| 690 | @aTN913.32@v4 | |
| 701 | 0 | @a陈昌海@Achen chang hai@4主编 |
| 801 | 0 | @aCN@bQSSK@c20050831 |
| 905 | @a10447@dTN913.32@eC382 | |
| 通信电缆线路/陈昌海主编.-北京:人民邮电出版社,2005.02 |
| 258页:图;26cm.-(21世纪高职高专通信教材) |
| ISBN 7-115-13030-2:CNY23.00 |
| 本书介绍通信电缆工程设计、施工、维护等方面的实用技术。 |
| ● |
| 相关链接 |
|
|
|
正题名:通信电缆线路
索取号:TN913.32/C382
 
预约/预借
| 序号 | 登录号 | 条形码 | 馆藏地/架位号 | 状态 | 备注 |
| 1 | 566459 | 205664592 | 自科库301/301自科库 37排2列3层/ [索取号:TN913.32/C382] | 在馆 | |
| 2 | 566460 | 205664609 | 期刊室512/301自科库 28排3列3层/ [索取号:TN913.32/C382] | 在馆 | |
| 3 | 566461 | 205664618 | 自科库301/301自科库 37排2列3层/ [索取号:TN913.32/C382] | 在馆 |